All Jacqueline Wilson books! - Statistics

General Stats
  • This quiz has been taken 92 times
    91 since last reset
  • The average score is 18 of 51
Answer Stats
Answer % Correct
Hetty Feather
69%
Diamond
59%
Candyfloss
57%
Cookie
54%
Lola Rose
50%
Sapphire Battersea
50%
The story of Tracy Beaker
50%
Double act
49%
Girls in love
49%
Emerald star
47%
Girls out late
47%
Dustbin baby
46%
My sister Jodie
46%
The illustrated mum
46%
clean break
45%
Girls in tears
45%
The Dare Game
45%
The lottie project
45%
Sleepovers
42%
Bad girls
41%
Midnight
39%
Secrets
39%
Best friends
38%
Girls under pressure
38%
Starring Tracy Beaker
38%
The bed and breakfast star
38%
kiss
36%
Lily Alone
36%
The worst thing about my sister
36%
Vicky angel
36%
Cliffhanger
35%
Opal plumstead
35%
The longest whale song
35%
The Cat Mummy
34%
The worry website
31%
Love lessons
30%
The mum minder
30%
Katy
28%
Little stars
28%
Queenie
28%
Rent a bridesmaid
26%
Lizzie Zipmouth
24%
Clover Moon
23%
Four children and it
23%
Glubbslyme
23%
The butterfly club
22%
Paws and whiskers
9%
Amber
4%
Big day out
4%
Green glass beads
4%
The world of Jacqueline Wilson
1%
No matching quizzes found
Score Distribution
Percent of People with Each Score
Percentile by Number Answered
Your Score History
You have not taken this quiz since the last reset